[Event "World Blitz 2023"]
[Site "Samarkand UZB"]
[Date "2023.12.29"]
[EventDate "2023.12.29"]
[Round "9.28"]
[Result "1/2-1/2"]
[White "Mukhiddin Madaminov"]
[Black "Jakhongir Vakhidov"]
[WhiteElo "2460"]
[BlackElo "2574"]
[PlyCount "164"]

1. d4 Nf6 2. c4 c5 3. d5 e5 4. Nc3 d6 5. e4 Nbd7 6. g3 a6 7. Nf3 g6 8. Bg2
Bg7 9. O-O O-O 10. Ne1 Ne8 11. Nd3 f5 12. f4 Qe7 13. Kh1 b5 14. cxb5 axb5
15. fxe5 Nxe5 16. Nxe5 Bxe5 17. Bh6 Ng7 18. Nxb5 Bxb2 19. Rb1 Be5 20. a4
Bd7 21. Qc2 Rfb8 22. Bxg7 Kxg7 23. exf5 Bxf5 24. Be4 Bd7 25. Bg2 Rb7 26.
Qc4 Rab8 27. Rb3 h5 28. Qe2 h4 29. g4 Qe8 30. Rfb1 Qc8 31. h3 c4 32. Rb4 c3
33. Rc4 Qe8 34. Rc6 Bxc6 35. dxc6 Rf7 36. c7 Rxc7 37. Re1 Re7 38. Qd3 Qf7
39. Rf1 Qa2 40. Nxd6 Qd2 41. Qxd2 cxd2 42. Ne4 Rd8 43. Rd1 Bf4 44. Bf3 Rd4
45. Nc5 Re1+ 46. Kg2 Rxd1 47. Bxd1 Rc4 48. Nd3 Rc1 49. Be2 Bh6 50. Nf2 Rc3
51. Bd1 Ra3 52. Kf1 Bf4 53. Ke2 Ra1 54. Nd3 Bh6 55. Ne5 Ra3 56. Nf3 Re3+
57. Kf2 Bf4 58. a5 Ra3 59. Ke2 g5 60. Nd4 Kf6 61. Nb3 Ke5 62. Kd3 Kd5 63.
Bf3+ Kd6 64. Bd1 Ra4 65. Nxd2 Ra3+ 66. Nb3 Ke5 67. Bc2 Bh2 68. Kc3 Ra4 69.
Nd2 Ra1 70. Kb2 Rxa5 71. Nc4+ Kf4 72. Nxa5 Kg3 73. Nc4 Kxh3 74. Bf5 Bf4 75.
Kc2 Kg3 76. Kd3 h3 77. Ke2 h2 78. Be4 Kxg4 79. Ne3+ Bxe3 80. Kxe3 Kh3 81.
Bh1 g4 82. Kf4 1/2-1/2

[Event "World Blitz 2023"]
[Site "Samarkand UZB"]
[Date "2023.12.29"]
[EventDate "2023.12.29"]
[Round "9.29"]
[Result "1-0"]
[White "Robert Hovhannisyan"]
[Black "Andrew Hong"]
[WhiteElo "2570"]
[BlackElo "2460"]
[PlyCount "88"]

1. e4 e5 2. Nf3 Nc6 3. Bb5 a6 4. Ba4 d6 5. O-O Bd7 6. Nc3 Nf6 7. Bxc6 Bxc6
8. Re1 Be7 9. d4 exd4 10. Nxd4 Bd7 11. Qf3 O-O 12. h3 Re8 13. Bf4 b5 14.
Rad1 Qc8 15. Bg3 b4 16. Nd5 Nxd5 17. exd5 Bf6 18. Nc6 Bxc6 19. dxc6 Bxb2
20. Rxe8+ Qxe8 21. Rd3 Qe1+ 22. Kh2 Re8 23. Re3 Rxe3 24. fxe3 Qc3 25. Qf5
g6 26. Qc8+ Kg7 27. Qxc7 Qxe3 28. Qxd6 Bd4 29. h4 Qg1+ 30. Kh3 Qh1+ 31. Bh2
Bb6 32. c7 Bxc7 33. Qxc7 h5 34. Qe5+ Kg8 35. Qf6 Qd1 36. Be5 Kf8 37. Qh8+
Ke7 38. Qf6+ Ke8 39. Qc6+ Kf8 40. Qd6+ Qxd6 41. Bxd6+ Ke8 42. Bxb4 Kd7 43.
Kg3 Kc6 44. c4 1-0

[Event "World Blitz 2023"]
[Site "Samarkand UZB"]
[Date "2023.12.29"]
[EventDate "2023.12.29"]
[Round "9.30"]
[Result "1-0"]
[White "Grzegorz Nasuta"]
[Black "Vadim Zvjaginsev"]
[WhiteElo "2467"]
[BlackElo "2570"]
[PlyCount "116"]

1. e4 c5 2. Nf3 Nc6 3. Bb5 g6 4. Bxc6 bxc6 5. d4 Bg7 6. dxc5 Qa5+ 7. Nbd2
Qxc5 8. O-O d6 9. Re1 Nh6 10. Nb3 Qh5 11. h3 O-O 12. Qe2 f6 13. Nbd4 c5 14.
Qc4+ d5 15. Qxc5 dxe4 16. Qxh5 gxh5 17. Rxe4 e5 18. Nb3 Bb7 19. Rc4 Nf5 20.
Bd2 Rfd8 21. Ba5 Rd7 22. Nc5 Rc8 23. Rc3 Rf7 24. Nxb7 Rxc3 25. Bxc3 Rxb7
26. Rd1 Kf7 27. Kf1 Bf8 28. Ke2 Nd6 29. Rd5 Ne4 30. Ra5 Nxc3+ 31. bxc3 Ke6
32. Ra6+ Kf7 33. Ra5 Ke6 34. Nd2 Rc7 35. Kd3 Rd7+ 36. Ke2 Rc7 37. Ra6+ Kf5
38. c4 Bb4 39. Nf1 Bc5 40. Ng3+ Kg6 41. Ne4 Be7 42. c5 h4 43. g4 hxg3 44.
fxg3 h5 45. g4 hxg4 46. hxg4 Kg7 47. c6 Kf7 48. Kd3 Ke6 49. Kc4 Rc8 50. c7+
Kd7 51. Rxa7 Kc6 52. Ra6+ Kb7 53. Re6 Rxc7+ 54. Kd3 Rd7+ 55. Ke3 Rc7 56.
Nxf6 Bc5+ 57. Kd3 Bd4 58. Ne4 1-0

[Event "World Blitz 2023"]
[Site "Samarkand UZB"]
[Date "2023.12.29"]
[EventDate "2023.12.29"]
[Round "9.31"]
[Result "0-1"]
[White "Timur Gareyev"]
[Black "Mittal Aditya"]
[WhiteElo "2569"]
[BlackElo "2425"]
[PlyCount "66"]

1. Nf3 d5 2. e3 Nf6 3. c4 e6 4. b3 c5 5. cxd5 exd5 6. Bb5+ Bd7 7. Bxd7+
Qxd7 8. O-O Nc6 9. d4 cxd4 10. Nxd4 Be7 11. Bb2 O-O 12. Nc3 Rfd8 13. Nce2
Ne4 14. f3 Nd6 15. Ng3 Re8 16. Qd3 Bf6 17. Nh5 Bxd4 18. Bxd4 Qf5 19. Qxf5
Nxf5 20. Bxg7 Nxg7 21. Nf6+ Kf8 22. Nxe8 Rxe8 23. Rad1 Nf5 24. Rfe1 Nxe3
25. Rd2 d4 26. b4 b5 27. a3 Nc4 28. Rxe8+ Kxe8 29. Re2+ Kd7 30. Kf2 Nxa3
31. Re4 Nc2 32. Rh4 d3 33. Rh5 N6d4 0-1

[Event "World Blitz 2023"]
[Site "Samarkand UZB"]
[Date "2023.12.29"]
[EventDate "2023.12.29"]
[Round "9.32"]
[Result "1-0"]
[White "Ramazan Zhalmakhanov"]
[Black "Henriquez Villagra, Cristobal"]
[WhiteElo "2427"]
[BlackElo "2568"]
[PlyCount "108"]

1. Nc3 d5 2. d4 Nf6 3. Bf4 a6 4. e3 h6 5. Nf3 e6 6. Bd3 c5 7. dxc5 Bxc5 8.
O-O Nc6 9. e4 d4 10. Ne2 g5 11. Bc1 Ng4 12. Ng3 e5 13. Bc4 Nf6 14. a3 Bg4
15. h3 Bd7 16. b4 Ba7 17. a4 Rc8 18. b5 Na5 19. Bd3 axb5 20. Nxe5 bxa4 21.
f4 Bb8 22. Nxd7 Nxd7 23. e5 Nc4 24. e6 fxe6 25. Qh5+ Ke7 26. Bxc4 Rxc4 27.
Ba3+ Nc5 28. Ne4 Qc7 29. Nxc5 Rxc5 30. Rae1 b6 31. Qg6 Rf8 32. Qxe6+ Kd8
33. Bxc5 bxc5 34. Qxh6 Qd6 35. Qxg5+ Kc8 36. Re7 Bc7 37. Qg4+ Kd8 38. Re6
Qd7 39. Ra6 Qxg4 40. hxg4 Rxf4 41. Rxf4 Bxf4 42. Kf2 Kd7 43. Kf3 Bc1 44.
Rxa4 Kc6 45. Ke4 Kb5 46. Ra1 Be3 47. g5 Bxg5 48. Kd5 Be3 49. Rb1+ Ka4 50.
Kc4 Ka3 51. g4 Ka2 52. Rb7 Ka1 53. Rb5 Ka2 54. Rxc5 1-0

[Event "World Blitz 2023"]
[Site "Samarkand UZB"]
[Date "2023.12.29"]
[EventDate "2023.12.29"]
[Round "10.2"]
[Result "1-0"]
[White "Sarin Nihal"]
[Black "Vladislav Artemiev"]
[WhiteElo "2689"]
[BlackElo "2799"]
[PlyCount "104"]

1. Nf3 Nf6 2. c4 e6 3. g3 d5 4. Bg2 Be7 5. O-O O-O 6. d4 c6 7. Nbd2 b6 8.
b3 Bb7 9. Bb2 Nbd7 10. Rc1 Rc8 11. e3 c5 12. Qe2 dxc4 13. Nxc4 b5 14. Nce5
cxd4 15. Nxd7 Nxd7 16. Nxd4 Bxg2 17. Kxg2 Rxc1 18. Rxc1 a6 19. Nc6 Qa8 20.
Qf3 Bf6 21. Bxf6 Nxf6 22. Ne7+ Kh8 23. Qxa8 Rxa8 24. Kf3 g5 25. g4 Ra7 26.
Nc8 Rd7 27. Rc6 Rd2 28. Rxa6 h5 29. h3 hxg4+ 30. hxg4 Nd7 31. Nd6 Ne5+ 32.
Kg3 b4 33. Ne4 Rd1 34. Nxg5 Rg1+ 35. Kf4 Nd3+ 36. Kf3 Ne5+ 37. Ke2 Rxg4 38.
f4 Kg8 39. Nxe6 Ng6 40. Nd4 Rg2+ 41. Kf3 Rd2 42. Nf5 Rd1 43. Rb6 Ra1 44.
Rxb4 Rxa2 45. Rb8+ Kh7 46. Rb7 Nh8 47. b4 Kg6 48. Nd4 Kf6 49. f5 Rb2 50. b5
Rb1 51. Ke4 Rb2 52. b6 Rb1 1-0

[Event "World Blitz 2023"]
[Site "Samarkand UZB"]
[Date "2023.12.29"]
[EventDate "2023.12.29"]
[Round "1.1"]
[Result "1-0"]
[White "Magnus Carlsen"]
[Black "Sergey Grigoriants"]
[WhiteElo "2887"]
[BlackElo "2532"]
[PlyCount "46"]

1. e4 e5 2. Nf3 Nc6 3. Bb5 a6 4. Ba4 Nf6 5. d3 Bc5 6. c3 b5 7. Bb3 d6 8.
Bg5 h6 9. Bh4 Bb6 10. Nbd2 Be6 11. O-O O-O 12. Re1 Kh8 13. a4 Rb8 14. Nf1
Rg8 15. axb5 axb5 16. Ne3 g5 17. Bg3 Qd7 18. Bc2 Ng4 19. Nd5 Bxd5 20. exd5
Ne7 21. d4 exd4 22. Nxd4 Ng6 23. Bf5 1-0

[Event "World Blitz 2023"]
[Site "Samarkand UZB"]
[Date "2023.12.29"]
[EventDate "2023.12.29"]
[Round "1.2"]
[Result "1-0"]
[White "Denis Makhnev"]
[Black "Fabiano Caruana"]
[WhiteElo "2528"]
[BlackElo "2815"]
[PlyCount "96"]

1. d4 Nf6 2. c4 e6 3. Nc3 Bb4 4. e3 O-O 5. Bd3 d5 6. Ne2 dxc4 7. Bxc4 c5 8.
a3 Bxc3+ 9. bxc3 Qc7 10. Bd3 Nc6 11. O-O e5 12. Ng3 Re8 13. Nh5 Nxh5 14.
Qxh5 e4 15. Be2 Na5 16. Rb1 Be6 17. d5 Bd7 18. c4 b6 19. Bb2 Qd6 20. Rbe1
Qg6 21. Qh4 h6 22. f4 exf3 23. Rxf3 Re4 24. Qf2 Rg4 25. h3 Rg5 26. e4 f6
27. Bd3 Qh5 28. Ree3 Re8 29. Be2 Qg6 30. h4 Rg4 31. Rg3 h5 32. Bxg4 Bxg4
33. Qc2 Nb7 34. Qc3 Nd6 35. e5 Ne4 36. Qd3 f5 37. Rxe4 fxe4 38. Qe3 Qf5 39.
e6 Rf8 40. Kh2 Qf2 41. Qxf2 Rxf2 42. Be5 e3 43. Rxe3 Kf8 44. Bg3 Re2 45.
Rxe2 Bxe2 46. d6 Ke8 47. d7+ Kd8 48. Bf4 1-0

[Event "World Blitz 2023"]
[Site "Samarkand UZB"]
[Date "2023.12.29"]
[EventDate "2023.12.29"]
[Round "1.3"]
[Result "1-0"]
[White "Vladislav Artemiev"]
[Black "Nikita Petrov"]
[WhiteElo "2799"]
[BlackElo "2521"]
[PlyCount "128"]

1. c4 e5 2. e3 Nf6 3. Nc3 Bb4 4. Nge2 O-O 5. a3 Be7 6. d4 exd4 7. Nxd4 d5
8. Nf3 c6 9. cxd5 Nxd5 10. Nxd5 cxd5 11. Bd2 Bf6 12. Bc3 Bxc3+ 13. bxc3 Qa5
14. Qb3 Be6 15. Qb4 Qc7 16. Be2 Rc8 17. O-O Nc6 18. Qb2 Ne5 19. Nd4 Rab8
20. Rfc1 a6 21. a4 Bg4 22. Bf1 h6 23. h3 Bd7 24. Qb3 Qc5 25. a5 g6 26. Qb4
Qc7 27. Rc2 Kg7 28. Ne2 Qc4 29. Qd6 Qc7 30. Qxd5 Bf5 31. Rcc1 Rd8 32. Qa2
Nd3 33. Rd1 Nc5 34. Nd4 Be4 35. Qc4 Qe7 36. Rd2 Rbc8 37. Qb4 Qe5 38. Rad1
Kh7 39. Ne2 Rxd2 40. Rxd2 Bd3 41. Qd4 Qxd4 42. cxd4 Bxe2 43. Rc2 Bxf1 44.
Kxf1 Kg7 45. Ke2 Kf6 46. dxc5 Ke5 47. Rb2 Rc7 48. Kd3 Kd5 49. Rb6 Kxc5 50.
e4 h5 51. f4 Rd7+ 52. Ke3 Kc4 53. g4 Rd3+ 54. Kf2 Rxh3 55. gxh5 Rxh5 56.
Rxb7 Rxa5 57. Rxf7 Kd4 58. e5 g5 59. Rd7+ Ke4 60. e6 Ra2+ 61. Ke1 Kf3 62.
Rd3+ Kxf4 63. e7 Ra1+ 64. Rd1 1-0

[Event "World Blitz 2023"]
[Site "Samarkand UZB"]
[Date "2023.12.29"]
[EventDate "2023.12.29"]
[Round "1.4"]
[Result "1/2-1/2"]
[White "Aleksandr Rakhmanov"]
[Black "Ian Nepomniachtchi"]
[WhiteElo "2521"]
[BlackElo "2795"]
[PlyCount "98"]

1. d4 Nf6 2. c4 g6 3. Nc3 d5 4. Nf3 Bg7 5. cxd5 Nxd5 6. Qa4+ Bd7 7. Qa3
Nxc3 8. bxc3 O-O 9. Bg5 Re8 10. e3 Bc6 11. Be2 Nd7 12. O-O b6 13. Rfd1 Bb7
14. Rac1 Nf6 15. h3 Qd6 16. Qb3 e6 17. Bf4 Qe7 18. c4 Red8 19. a4 c5 20. a5
cxd4 21. exd4 Nh5 22. Bg5 Bf6 23. Be3 Qc7 24. axb6 Qxb6 25. Qxb6 axb6 26.
Ne5 Ng7 27. Ng4 Be7 28. d5 Bc5 29. Nf6+ Kh8 30. Bxc5 bxc5 31. g4 Ne8 32.
Nxe8 Rxe8 33. dxe6 Rxe6 34. Bf1 Bc6 35. Ra1 Rae8 36. Ra5 Re5 37. Bg2 Bxg2
38. Kxg2 R8e6 39. Rd3 Kg7 40. Rf3 h5 41. Kg3 f6 42. Ra7+ Kh6 43. Rd3 Re4
44. Rdd7 hxg4 45. hxg4 Rxc4 46. f4 Rc3+ 47. Kf2 Rc2+ 48. Kf3 Rc3+ 49. Kf2
Rc2+ 1/2-1/2

[Event "World Blitz 2023"]
[Site "Samarkand UZB"]
[Date "2023.12.29"]
[EventDate "2023.12.29"]
[Round "1.7"]
[Result "1-0"]
[White "Haik M Martirosyan"]
[Black "Boris Savchenko"]
[WhiteElo "2770"]
[BlackElo "2513"]
[PlyCount "90"]

1. d4 Nf6 2. c4 e6 3. Nf3 c5 4. d5 exd5 5. cxd5 d6 6. Nc3 g6 7. Bf4 a6 8.
a4 Bg7 9. h3 O-O 10. e3 Re8 11. Nd2 Nbd7 12. Be2 Ne5 13. O-O Bf5 14. a5 h5
15. e4 Bd7 16. Bg5 b5 17. axb6 Qxb6 18. Ra2 Bb5 19. Kh1 Rab8 20. f4 Ned7
21. Re1 Nh7 22. Bh4 Bd4 23. Bf3 Bd3 24. Be2 Bxe2 25. Rxe2 Nhf6 26. Nc4 Qc7
27. Qd3 Ra8 28. Ra1 Reb8 29. Rae1 Ne8 30. e5 dxe5 31. fxe5 Rb4 32. e6 Nf8
33. Bg3 Qa7 34. Rf1 fxe6 35. dxe6 Qg7 36. Nd5 Rb7 37. e7 Nh7 38. Ncb6 Raa7
39. Qc4 Kh8 40. Nc8 Ra8 41. Ndb6 Rxc8 42. Nxc8 Nhf6 43. Nd6 Rb4 44. Nxe8
Nxe8 45. Qf7 1-0

[Event "World Blitz 2023"]
[Site "Samarkand UZB"]
[Date "2023.12.29"]
[EventDate "2023.12.29"]
[Round "1.9"]
[Result "1/2-1/2"]
[White "Yangyi Yu"]
[Black "Chongsheng Zeng"]
[WhiteElo "2762"]
[BlackElo "2504"]
[PlyCount "154"]

1. e4 c5 2. Nf3 d6 3. d4 cxd4 4. Nxd4 Nf6 5. Nc3 a6 6. Be2 e5 7. Nb3 Be7 8.
O-O O-O 9. Re1 Be6 10. Bf3 Nbd7 11. a4 Rc8 12. Be3 h6 13. h3 Re8 14. a5 Qc7
15. Qd2 Nh7 16. Red1 Nhf6 17. Qe1 Nh7 18. Bg4 Qc6 19. Rd2 Nhf6 20. Bf3 Qc7
21. Qd1 Qc6 22. Nd5 Bxd5 23. exd5 Qc7 24. Rc1 Rcd8 25. c4 Nc5 26. Nxc5 dxc5
27. b4 e4 28. Bg4 Bd6 29. Rb1 Rb8 30. bxc5 Bxc5 31. d6 Qc6 32. d7 Red8 33.
Rb6 Bxb6 34. Bxb6 Qxc4 35. Bxd8 Rxd8 36. Rc2 Qb4 37. Rc8 Qxa5 38. Qd6 Nxd7
39. Qxd7 Rxc8 40. Qxc8+ Kh7 41. Qxb7 Qa1+ 42. Kh2 Qe5+ 43. g3 f5 44. Be2 a5
45. Qb3 f4 46. gxf4 Qxf4+ 47. Kg2 Qg5+ 48. Kf1 Qc1+ 49. Bd1 Qf4 50. Bc2
Qc1+ 51. Ke2 Qf4 52. Qe3 Qxe3+ 53. Kxe3 Kg6 54. Kf4 Kh5 55. Kg3 Kg5 56.
Bxe4 a4 57. Bb1 a3 58. h4+ Kf6 59. Kg4 Ke5 60. f4+ Kf6 61. Ba2 g6 62. Bb3
Kg7 63. Ba2 Kf6 64. Bc4 Kg7 65. Bb3 Kf6 66. Ba2 Kg7 67. Bb1 Kf6 68. Ba2 Kg7
69. Kf3 Kf6 70. Ke4 g5 71. h5 gxf4 72. Kxf4 Kg7 73. Kf5 Kh8 74. Kf6 Kh7 75.
Bb1+ Kh8 76. Kg6 a2 77. Bxa2 1/2-1/2

[Event "World Blitz 2023"]
[Site "Samarkand UZB"]
[Date "2023.12.29"]
[EventDate "2023.12.29"]
[Round "1.10"]
[Result "0-1"]
[White "Rustam Khusnutdinov"]
[Black "Richard Rapport"]
[WhiteElo "2499"]
[BlackElo "2748"]
[PlyCount "92"]

1. Nc3 d5 2. d4 c6 3. Bf4 Bf5 4. e3 e6 5. Nf3 Nd7 6. Bd3 Bg6 7. O-O Ngf6 8.
a3 Be7 9. Re1 Bh5 10. e4 Nb6 11. e5 Nfd7 12. b4 a5 13. Rb1 axb4 14. axb4
Ra3 15. Bd2 Nc4 16. Be2 Ndb6 17. Qc1 O-O 18. Nd1 Ra2 19. Ne3 Nxe3 20. Bxe3
Nc4 21. Nd2 Bg6 22. Bd3 b5 23. Nf3 Bh5 24. Nd2 Qd7 25. Nf1 Rfa8 26. Ng3 Bg6
27. f4 Bh4 28. Rf1 Bxg3 29. hxg3 Be4 30. g4 R8a3 31. Rd1 Rc3 32. Ra1 Rxa1
33. Qxa1 Ra3 34. Qc1 Qa7 35. Bf2 Ra2 36. f5 Nb2 37. Qg5 h6 38. Qd8+ Kh7 39.
f6 Qa8 40. Qe7 Nxd1 41. Bxe4+ dxe4 42. Qxf7 Ra7 43. Qxe6 Nxf2 44. Qf5+ Kg8
45. e6 gxf6 46. Kxf2 Qf8 0-1

[Event "World Blitz 2023"]
[Site "Samarkand UZB"]
[Date "2023.12.29"]
[EventDate "2023.12.29"]
[Round "1.11"]
[Result "1/2-1/2"]
[White "Vachier-Lagrave, Maxime"]
[Black "Mikhail Bryakin"]
[WhiteElo "2748"]
[BlackElo "2495"]
[PlyCount "108"]

1. e4 c6 2. Nf3 d5 3. d3 dxe4 4. dxe4 Qxd1+ 5. Kxd1 Nf6 6. Nfd2 Ng4 7. Ke1
e5 8. Nb3 Be6 9. f3 Nf6 10. Be3 Nbd7 11. N1d2 Bd6 12. a4 a5 13. Bc4 Ke7 14.
Ke2 Rhd8 15. Rhd1 b6 16. Bxe6 Kxe6 17. Nc4 Bc7 18. Nc1 b5 19. Nd2 Ne8 20.
Nd3 Nd6 21. b3 Nb7 22. c4 b4 23. c5 f6 24. Rac1 Nf8 25. Nc4 Ke7 26. Nb6
Rab8 27. f4 exf4 28. Nxf4 Ne6 29. Nxe6 Kxe6 30. h3 Rxd1 31. Rxd1 Rd8 32.
Rc1 h5 33. Nc4 g6 34. Rf1 Re8 35. Rc1 Rd8 36. Rf1 Re8 37. Rf3 Rd8 38. Bf2
Rf8 39. Bd4 f5 40. exf5+ Rxf5 41. Re3+ Kd5 42. Rd3 Ke6 43. g4 hxg4 44. hxg4
Rf4 45. g5 Rg4 46. Be3 Rg2+ 47. Kf3 Rc2 48. Bd4 Bd8 49. Ne5 Nxc5 50. Bxc5
Rxc5 51. Nc4 Bxg5 52. Rd6+ Kf7 53. Rd7+ Ke6 54. Ke4 1/2-1/2

[Event "World Blitz 2023"]
[Site "Samarkand UZB"]
[Date "2023.12.29"]
[EventDate "2023.12.29"]
[Round "1.12"]
[Result "1-0"]
[White "Stepan Zilka"]
[Black "Dmitry Andreikin"]
[WhiteElo "2494"]
[BlackElo "2741"]
[PlyCount "82"]

1. e4 c5 2. Nf3 e6 3. d4 cxd4 4. Nxd4 Nc6 5. Nc3 a6 6. Nxc6 bxc6 7. Bd3 d5
8. Bf4 Nf6 9. O-O Be7 10. Qf3 O-O 11. Rfe1 Bb7 12. e5 Nd7 13. Qh3 g6 14.
Na4 c5 15. b3 c4 16. bxc4 Qa5 17. Nb2 Ba3 18. Reb1 Rab8 19. cxd5 Bxd5 20.
Nc4 Bxc4 21. Rxb8 Rxb8 22. Bxc4 Bb2 23. Rd1 Bxe5 24. Bh6 Nf6 25. g3 Qc5 26.
Bxe6 fxe6 27. Qxe6+ Kh8 28. Qf7 Ng8 29. Rd7 Rb1+ 30. Kg2 Qc6+ 31. Kh3 Qxd7+
32. Qxd7 Rb2 33. Qe6 Bf6 34. c4 Rxf2 35. Be3 Re2 36. c5 h5 37. c6 g5 38. g4
Kg7 39. c7 Nh6 40. c8=Q Nxg4 41. Qcg8+ 1-0

[Event "World Blitz 2023"]
[Site "Samarkand UZB"]
[Date "2023.12.29"]
[EventDate "2023.12.29"]
[Round "1.13"]
[Result "1-0"]
[White "Anish Giri"]
[Black "Deshun Xiu"]
[WhiteElo "2731"]
[BlackElo "2493"]
[PlyCount "156"]

1. e4 e5 2. Nf3 Nc6 3. Bb5 a6 4. Ba4 Nf6 5. O-O Be7 6. d3 b5 7. Bb3 d6 8.
a3 O-O 9. Nc3 Bb7 10. Re1 Qd7 11. h3 Nd8 12. Ne2 Ne6 13. Ng3 Rfe8 14. Ng5
Nxg5 15. Bxg5 h6 16. Bxf6 Bxf6 17. Nf5 Kh7 18. Qf3 Rf8 19. Rad1 Rae8 20. c3
Qd8 21. Ne3 g6 22. Qe2 Bg5 23. Bc2 Bxe3 24. Qxe3 c5 25. Qg3 Qg5 26. Qxg5
hxg5 27. d4 exd4 28. cxd4 c4 29. f3 Kg7 30. Kf2 a5 31. Bb1 Rc8 32. e5 c3
33. bxc3 Rxc3 34. exd6 Rd8 35. Re3 Rxe3 36. Kxe3 Rxd6 37. Be4 Bc8 38. Rc1
Bd7 39. Rc7 Kf6 40. Rb7 Be8 41. d5 Rd8 42. Kd4 Rc8 43. Bd3 Rc1 44. Rb6+ Ke7
45. Bxb5 Bxb5 46. Rxb5 a4 47. Rb7+ Ke8 48. Ra7 Rc2 49. g4 Rd2+ 50. Ke4 Re2+
51. Kd3 Rh2 52. Rxa4 Rxh3 53. Ke3 f5 54. Rb4 Kd7 55. a4 Kd6 56. a5 Kxd5 57.
Ra4 Rh7 58. a6 Ra7 59. Ra5+ Kc4 60. gxf5 gxf5 61. Rxf5 Rxa6 62. Rxg5 Re6+
63. Kf4 Re8 64. Re5 Rf8+ 65. Ke4 Rh8 66. f4 Rh4 67. Re6 Kc5 68. Ke5 Rh1 69.
f5 Re1+ 70. Kf6 Rf1 71. Kg6 Kd5 72. Re2 Rg1+ 73. Kf7 Kd6 74. f6 Kd7 75. Kf8
Rg4 76. f7 Rg5 77. Rd2+ Kc7 78. Ke7 1-0

[Event "World Blitz 2023"]
[Site "Samarkand UZB"]
[Date "2023.12.29"]
[EventDate "2023.12.29"]
[Round "1.15"]
[Result "1/2-1/2"]
[White "Vladimir Fedoseev"]
[Black "Xiangyu Xu"]
[WhiteElo "2719"]
[BlackElo "2491"]
[PlyCount "100"]

1. d4 Nf6 2. c4 e6 3. Nc3 Bb4 4. Qc2 d5 5. a3 Bxc3+ 6. Qxc3 b6 7. cxd5 Ne4
8. Qc2 exd5 9. e3 O-O 10. Bd3 Ba6 11. Ne2 Bxd3 12. Qxd3 c6 13. O-O Re8 14.
b3 Nd7 15. a4 Rc8 16. Ba3 Ndf6 17. Rac1 Qd7 18. f3 Ng5 19. Ng3 Ne6 20. Nf5
c5 21. Qb5 Red8 22. Qxd7 Rxd7 23. Rc3 g6 24. Ng3 Rdc7 25. Rfc1 Kf8 26. Ne2
Ke8 27. Kf1 Nd7 28. Ke1 Kd8 29. Kd2 cxd4 30. exd4 Rxc3 31. Rxc3 Rxc3 32.
Kxc3 Nb8 33. h4 Nc6 34. g4 a6 35. Bc1 b5 36. axb5 axb5 37. Be3 Kd7 38. Nc1
f5 39. Nd3 fxg4 40. fxg4 h5 41. g5 Kd6 42. Bf2 Kd7 43. b4 Ng7 44. Nf4 Ne7
45. Kd3 Ne6 46. Ne2 Nf5 47. Kc3 Nd6 48. Kd3 Nf5 49. Be1 Kc6 50. Bf2 Kd7
1/2-1/2

[Event "World Blitz 2023"]
[Site "Samarkand UZB"]
[Date "2023.12.29"]
[EventDate "2023.12.29"]
[Round "1.16"]
[Result "0-1"]
[White "Sandipan Chanda"]
[Black "Shakhriyar Mamedyarov"]
[WhiteElo "2490"]
[BlackElo "2716"]
[PlyCount "60"]

1. d4 Nf6 2. c4 g6 3. h4 Bg7 4. Nc3 d5 5. h5 Nxh5 6. cxd5 e6 7. dxe6 Bxe6
8. Nf3 Nf6 9. e4 O-O 10. Be2 c5 11. d5 Bg4 12. Bh6 Bxh6 13. Rxh6 Re8 14.
Qd2 Nxe4 15. Nxe4 Rxe4 16. O-O-O Bxf3 17. Bxf3 Rd4 18. Qe3 Rxd1+ 19. Kxd1
Nd7 20. d6 Qf6 21. Kc1 Qxd6 22. Bxb7 Rb8 23. Bf3 Ne5 24. Be2 Qd5 25. Rh3 h5
26. Bxh5 Qc4+ 27. Kb1 Qf1+ 28. Kc2 Nc4 29. Qg5 Qxf2+ 30. Kd3 0-1

[Event "World Blitz 2023"]
[Site "Samarkand UZB"]
[Date "2023.12.29"]
[EventDate "2023.12.29"]
[Round "1.17"]
[Result "1-0"]
[White "Alexey Sarana"]
[Black "Victor Bologan"]
[WhiteElo "2707"]
[BlackElo "2489"]
[PlyCount "82"]

1. d4 Nf6 2. c4 c5 3. d5 b5 4. cxb5 a6 5. e3 Bb7 6. Nc3 Qa5 7. Bd2 axb5 8.
Bxb5 Qb6 9. Nge2 Nxd5 10. O-O e6 11. Nxd5 Bxd5 12. a4 Be7 13. Bc3 Bc6 14.
Bd3 Rg8 15. Ng3 g6 16. a5 Qb7 17. e4 Na6 18. Qe2 Nb4 19. a6 Qb6 20. Bc4 d5
21. exd5 Nxd5 22. Ne4 Nxc3 23. bxc3 Kf8 24. Qe3 Kg7 25. Ng5 Bxg5 26. Qxg5
Rgd8 27. Qe5+ Kg8 28. h4 Bd5 29. Be2 Qd6 30. Qe3 c4 31. a7 Rd7 32. Ra5 Qf8
33. Rfa1 Qe7 34. h5 Kg7 35. h6+ Kg8 36. Rb5 Rdd8 37. Bf3 Bxf3 38. Qxf3 f6
39. Rb7 Qf8 40. Rg7+ Kh8 41. Qb7 1-0

[Event "World Blitz 2023"]
[Site "Samarkand UZB"]
[Date "2023.12.29"]
[EventDate "2023.12.29"]
[Round "1.18"]
[Result "1/2-1/2"]
[White "Murtas Kazhgaleyev"]
[Black "Alexander Grischuk"]
[WhiteElo "2488"]
[BlackElo "2699"]
[PlyCount "104"]

1. e4 e5 2. Nf3 Nc6 3. Bc4 Bc5 4. d3 Nf6 5. a4 O-O 6. O-O d6 7. a5 a6 8.
Be3 h6 9. Bxc5 dxc5 10. Nbd2 b5 11. axb6 cxb6 12. Bb5 Nd4 13. Nxd4 Qxd4 14.
Bc6 Rb8 15. Nc4 b5 16. c3 Qd8 17. Nxe5 Qd6 18. f4 Rb6 19. d4 cxd4 20. cxd4
Rxc6 21. Nxc6 Qxc6 22. e5 Bb7 23. Qe2 Nd5 24. Rac1 Qb6 25. Rc5 Rd8 26. f5
Nb4 27. Qe3 Nd5 28. Qg3 f6 29. Kh1 fxe5 30. Qxe5 Qf6 31. h3 Qf7 32. Re1 Kh7
33. Kh2 Rd7 34. Qe6 Nf6 35. Qxf7 Rxf7 36. Rce5 Bd5 37. Re7 a5 38. R1e5 Rxe7
39. Rxe7 a4 40. Ra7 Bc4 41. g4 Nd5 42. h4 Kg8 43. g5 hxg5 44. hxg5 Ne3 45.
f6 gxf6 46. gxf6 Ng4+ 47. Kg3 Nxf6 48. Kf4 Nd5+ 49. Ke5 Nb4 50. d5 Nxd5 51.
Kd4 Kf8 52. Rxa4 1/2-1/2

[Event "World Blitz 2023"]
[Site "Samarkand UZB"]
[Date "2023.12.29"]
[EventDate "2023.12.29"]
[Round "1.20"]
[Result "1/2-1/2"]
[White "Kazybek Nogerbek"]
[Black "Sarin Nihal"]
[WhiteElo "2488"]
[BlackElo "2689"]
[PlyCount "120"]

1. d4 Nf6 2. c4 e6 3. Nf3 d5 4. Nc3 Be7 5. Bf4 O-O 6. e3 b6 7. cxd5 Nxd5 8.
Nxd5 Qxd5 9. a3 Bd6 10. Bg3 Nd7 11. Rc1 Bb7 12. Be2 Bxg3 13. hxg3 c5 14.
dxc5 Nxc5 15. Qxd5 Bxd5 16. b4 Nb3 17. Bd3 g6 18. Rb1 Rac8 19. e4 Nc1 20.
Kd2 Nxd3 21. Kxd3 Bb7 22. Rbc1 Rfd8+ 23. Ke3 Kg7 24. Nd4 e5 25. Ne2 Ba6 26.
Rhd1 Rxc1 27. Rxd8 Ra1 28. Nc3 Rxa3 29. Kd2 Rb3 30. Nd5 Rd3+ 31. Kc2 Rd4
32. f3 Bf1 33. Ra8 Bxg2 34. Rxa7 Bxf3 35. Kc3 Bxe4 36. Nxb6 Rd3+ 37. Kc4
Rxg3 38. Nd7 Rg5 39. Nc5 Bf3 40. Ne6+ Kf6 41. Nxg5 Kxg5 42. Rxf7 Be2+ 43.
Kd5 h5 44. Kxe5 Kg4 45. Rf2 Bb5 46. Rg2+ Kf3 47. Rxg6 h4 48. Rh6 Kg3 49.
Ke4 h3 50. Ke3 Kg2 51. Rg6+ Kf1 52. Rf6+ Kg2 53. Rg6+ Kf1 54. Kf3 h2 55.
Rh6 Bc6+ 56. Ke3 h1=Q 57. Rxh1+ Bxh1 58. b5 Bg2 59. b6 Bh1 60. b7 Bxb7
1/2-1/2

[Event "World Blitz 2023"]
[Site "Samarkand UZB"]
[Date "2023.12.29"]
[EventDate "2023.12.29"]
[Round "1.21"]
[Result "1/2-1/2"]
[White "Peter Svidler"]
[Black "Yuriy Kuzubov"]
[WhiteElo "2689"]
[BlackElo "2487"]
[PlyCount "36"]

1. e4 e6 2. d4 d5 3. Nc3 Bb4 4. e5 Ne7 5. a3 Bxc3+ 6. bxc3 b6 7. Qg4 Ng6 8.
h4 h5 9. Qg3 Ba6 10. Bxa6 Nxa6 11. Qd3 Nb8 12. Bg5 Qd7 13. Ne2 c5 14. O-O
Nc6 15. Ng3 Rc8 16. f4 cxd4 17. cxd4 Ngxe5 18. fxe5 Qe7 1/2-1/2

[Event "World Blitz 2023"]
[Site "Samarkand UZB"]
[Date "2023.12.29"]
[EventDate "2023.12.29"]
[Round "1.22"]
[Result "0-1"]
[White "Liam Vrolijk"]
[Black "Raunak Sadhwani"]
[WhiteElo "2487"]
[BlackElo "2668"]
[PlyCount "108"]

1. d4 Nf6 2. c4 e6 3. Nf3 b6 4. g3 Bb7 5. Bg2 Be7 6. O-O O-O 7. Nc3 Ne4 8.
Bd2 Nxd2 9. Qxd2 d6 10. h4 h6 11. Rad1 Nd7 12. e4 a6 13. d5 Bf6 14. Nd4 Qe8
15. Rfe1 e5 16. Nf5 h5 17. b4 g6 18. Ne3 Bg7 19. Bh3 Bh6 20. Qd3 Bc8 21.
Kh2 Nf6 22. Bxc8 Qxc8 23. Kg2 a5 24. a3 axb4 25. axb4 Ra3 26. Nc2 Ra8 27.
Ra1 Qd7 28. Nb5 Nh7 29. Rxa8 Rxa8 30. Ra1 Rxa1 31. Nxa1 f5 32. Nc2 Nf6 33.
exf5 gxf5 34. Ne3 Ne4 35. Qe2 Nf6 36. Qd3 Ne4 37. Qe2 Bxe3 38. Qxe3 Kf7 39.
Qh6 Nf6 40. Qh8 f4 41. Qb8 Ne8 42. f3 fxg3 43. Kxg3 Kf6 44. Na7 Kg6 45. Nc6
Nf6 46. Qd8 Qxd8 47. Nxd8 b5 48. cxb5 Nxd5 49. Nc6 Kf7 50. Kf2 Nc3 51. Na7
Ke6 52. b6 cxb6 53. Nc8 b5 54. Na7 Kd7 0-1